| 000 | 00674nam a2200229Ia 4500 | ||
|---|---|---|---|
| 003 | GCL | ||
| 008 | 140319s9999 xx 000 0 ara d | ||
| 040 |
_aGCL / _cGCL |
||
| 082 | 0 | 4 |
_a953 _bل ح |
| 100 | 1 | _aلوبون جوستاف | |
| 245 | 1 | 0 |
_aحضارة العرب / _cلوبون جوستاف |
| 700 | 1 | _aعادل زعيتر | |
| 300 | _a659 ص | ||
| 490 | _a | ||
| 650 | 0 | 4 | _aالحروب الصليبية |
| 650 | 0 | 4 | _aالتاريخ الاسلامى |
| 650 | 0 | 4 | _aالحياة الاجتماعية |
| 650 | 0 | 4 | _aالعلوم عند العرب |
| 650 | 0 | 4 | _aالحضارة الاسلامية |
| 650 | 0 | 4 | _aالفنون الاسلامية |
| 942 |
_2ddc _cBK |
||
| 999 |
_c46377 _d46377 |
||